Statistics for Random Quiz Because I Am Bored

Click here to take the quiz!

General Stats

  • This quiz has been taken 267 times
  • The average score is 3 of 7

Answer Stats

HintAnswer% Correct
How Many Things Make Up A DozenTwelve
94%
If You Were Born Five Years Ago Today How Old Would You Be?5
81%
If A Family Had Four Sisters And They All Have a Brother, How Many People Are In The Family?7
72%
What Was The Name Of The Path Used By Slaves Escaping The South?Underground Railroad
31%
What College Did The Creator Of Gatorade Create His Drink For?Florida
13%
What Is The Name Of The Jetpunk Quizmaster?Dan
8%
What Does The Military Term "S.A.M." Mean?Surface To Air Missile
6%

Score Distribution

Percentile by Number Answered

Percent of People with Each Score

Your Score History

You have not taken this quiz